000 01483nam0a2200361 4500
001 RU\NLR\BIBL_A\022544091
005 20260420044614.0
010 _a978-5-389-25996-6
_95000
021 _aRU
_bКН-П-25-017546
_9КН-П-25-1784
035 _a(NLR Aleph) 022544091
090 _a13672743
_c13672743
100 _a20250519d2024 b y0rusy50 ca
101 0 _arus
102 _aRU
105 _aa|||z|||000ay
181 0 _ai2
_baxxe
181 0 _ab2
_bxb2e
182 0 _an
200 1 _aДва Мороза
_e[для дошкольного возраста
_fМихайлов Михаил Ларионович
_gхудожник: Татьяна Баринова]
203 _aТекст
_aИзображение
_bвизуальные
_cнепосредственные
210 _aМосква
_cАзбука-Аттикус
_d2024
215 _a[10] с.
_cцв. ил.
_d22
300 _aАвт. указан на 4-й с. обл.
300 _aБез тит. л. Описано по обл.
333 _a0+
686 0 _aШ9(2)60=Р7-2
700 1 _7ca
_8rus
_aМихайлов
_bМ. Л.
_cписатель
_f1829-1865
_gМихаил Ларионович
_937091
_3RU\NLR\AUTH\7754159
702 1 _4040
_7ca
_8rus
_aБаринова
_bТ. В.
_cхудожник
_gТатьяна Валерьевна
_961976
_3RU\NLR\AUTH\7779048
942 _cBOOK
980 _aNB